| 000 | 00853nam a2200217Ia 4500 | ||
|---|---|---|---|
| 003 | SEM | ||
| 005 | 20230331163436.0 | ||
| 008 | 141116s9999 gs ||||gr||||||01|0 und|d | ||
| 040 |
_aSEM _cSEM |
||
| 041 | _aarm | ||
| 080 | _a002(47.925)/Մ-29Մ | ||
| 100 |
_aՄանդակունի, Գրիգոր _cաւ․ քահ․ |
||
| 245 |
_aՄաշտոց-Մեսրովպը : _bՀայոց տառերի և տպագրութեան գիւտը / _cԳրիգոր աւ. քահ. Մանդակունի |
||
| 260 |
_aԹիֆլիս : _bտպ. «Նադեժդա» Միխայլովսկի, _c1912. |
||
| 300 |
_a32 էջ ; _bնկ.; _c20 սմ |
||
| 650 |
_aԳրերի գյուտ _zՀայաստան |
||
| 650 | _aՀայկական տառեր | ||
| 653 | _aՍԷՄ | ||
| 856 |
_uhttps://haygirk.nla.am/upload/1512-1940/1901-1940/mashtoc_1912.pdf _yԿարդալ առցանց |
||
| 942 |
_2udc _cBK |
||
| 999 |
_c50947 _d50947 |
||